书目信息 |
| 题名: |
大繁荣时代
|
|
| 作者: | 艾伦 著 ;秦传安 译 | |
| 分册: | ||
| 出版信息: | 南京 江苏人民出版社 2019 |
|
| 页数: | 398页 | |
| 开本: | 24cm | |
| 丛书名: | ||
| 单 册: | ||
| 中图分类: | K712.5 | |
| 科图分类: | ||
| 主题词: | ||
| 电子资源: | ||
| ISBN: | 978-7-214-23170-3 | |
| 000 | 01262nam0 2200289 450 | |
| 001 | 012001009176 | |
| 005 | 20140101144516.0 | |
| 010 | @a978-7-214-23170-3@b精装@dCNY58.00 | |
| 100 | @a20190911d2019 em y0chiy50 ea | |
| 101 | 1 | @achi@ceng |
| 102 | @aCN@b320000 | |
| 105 | @aa z 000yy | |
| 106 | @ar | |
| 200 | 1 | @a大繁荣时代@9da fan rong shi dai@b专著@f(美)弗雷德里克·刘易斯·艾伦著@g秦传安译 |
| 210 | @a南京@c江苏人民出版社@d2019 | |
| 215 | @a398页@c图,照片@d24cm | |
| 312 | @a封面副题名:喧哗与躁动1919-1931:经济文化的“盛世危图” | |
| 312 | @a书名原文:Only yesterday | |
| 330 | @a本书以一种生动活泼的风格写就美国20世纪20年代的历史,从第一次世界大战结束到股市崩盘和大萧条的开始,本书敏锐抓住了时代的感觉,描绘了如火如荼的景气与惨烈无比的崩盘,还原了20年代的所有丑闻和荣耀。内容包括:回归常态、习俗与道德的革命、柯立芝繁荣、喧嚣的岁月等。 | |
| 510 | 1 | @aOnly yesterday@zeng |
| 517 | 1 | @a喧哗与躁动1919-1931:经济文化的“盛世危图”@9xuan hua yu zao dong 1919-1931:jing ji wen hua de“sheng shi wei tu” |
| 607 | @a美国@x历史@z20世纪 | |
| 690 | @aK712.5@v5 | |
| 701 | 0 | @c(美)@a艾伦@9ai lun@c(Allen, Frederick Lewis)@4著 |
| 702 | 0 | @a秦传安@9qin chuan an@4译 |
| 801 | 2 | @aCN@b上海新华@c20191020 |
| 905 | @b1187227-30@dK712.5@e59@f4 | |
| 大繁荣时代/(美)弗雷德里克·刘易斯·艾伦著/秦传安译.-南京:江苏人民出版社,2019 |
| 398页:图,照片;24cm |
| ISBN 978-7-214-23170-3(精装):CNY58.00 |
| 本书以一种生动活泼的风格写就美国20世纪20年代的历史,从第一次世界大战结束到股市崩盘和大萧条的开始,本书敏锐抓住了时代的感觉,描绘了如火如荼的景气与惨烈无比的崩盘,还原了20年代的所有丑闻和荣耀。内容包括:回归常态、习俗与道德的革命、柯立芝繁荣、喧嚣的岁月等。 |
| ● |
| 相关链接 |
|
|
|
|
正题名:大繁荣时代
索取号:K712.5/59
 
预约/预借
| 序号 | 登录号 | 条形码 | 馆藏地/架位号 | 状态 | 备注 |
| 1 | 1187227 | 211872277 | 第二样本阅览室/ [索取号:K712.5/59] | 在馆 | |
| 2 | 1187228 | 211872286 | 第二借阅区/ [索取号:K712.5/59] | 在馆 | |
| 3 | 1187229 | 211872295 | 第二借阅区/ [索取号:K712.5/59] | 在馆 | |
| 4 | 1187230 | 211872302 | 第二借阅区/ [索取号:K712.5/59] | 在馆 |